| 000 | 003380000a22001570004500 | ||
|---|---|---|---|
| 001 | 000503 | ||
| 003 | MACL | ||
| 040 | _aMACL | ||
| 090 |
_c503 _d503 |
||
| 100 | _aKishore Kamal, | ||
| 245 |
_aGita Made Easy By Gita _cKishore Kamal |
||
| 260 |
_aInter I̜ndia Publication, _c1998 |
||
| 350 | _a180 | ||
| 650 | _aHinduism | ||
| 942 |
_k295 _cBook |
||
| 999 |
_c504 _d504 |
||